[Event "Thüringenliga 2024/25"]
[Site "?"]
[Date "2025.05.11"]
[Round "9.3"]
[White "Abou Wally, Adrian"]
[Black "Kroh, Christian"]
[Result "0-1"]
[WhiteElo "1921"]
[BlackElo "1808"]
[PlyCount "80"]
[EventDate "2024.09.15"]
[EventType "team-tourn"]
[EventRounds "9"]
[WhiteTeam "SV Schott Jena"]
[BlackTeam "TSG Apolda"]

1. e4 c6 2. d4 d5 3. e5 Bf5 4. h4 h5 5. Bd3 Bxd3 6. Qxd3 e6 7. Nd2 Be7 8. Ndf3 Nd7 9. Ne2 Qb6 10. c3 O-O-O 11. b4 Nh6 12. a4 a5 13. Bd2 Nf5 14. Nf4 axb4 15. a5 Qa6 16. Qxa6 bxa6 17. cxb4 Bxh4 18. Nd3 Be7 19. O-O Kb7 20. Nc5+ Bxc5 21. bxc5 Rb8 22. Rfb1+ Kc7 23. Be3 Rb5 24. Rxb5 cxb5 25. Ng5 Rf8 26. Kf1 Nb8 27. Ke2 Nc6 28. Kd3 Kd7 29. Nf3 Rb8 30. Nd2 f6 31. f4 Nb4+ 32. Kc3 Nxe3 33. Kxb4 Nc2+ 34. Kb3 Nxa1+ 35. Kb2 fxe5 36. fxe5 Rf8 37. Kxa1 Rf2 38. Nb3 Rxg2 39. c6+ Kxc6 40. Nc5 h4 0-1

[Event "Thüringenliga 2024/25"]
[Site "?"]
[Date "2025.05.11"]
[Round "9.4"]
[White "Maiwald, Harald"]
[Black "Dreyer, Michael"]
[Result "1-0"]
[WhiteElo "1923"]
[BlackElo "1977"]
[PlyCount "47"]
[EventDate "2024.09.15"]
[EventType "team-tourn"]
[EventRounds "9"]
[WhiteTeam "TSG Apolda"]
[BlackTeam "SV Schott Jena"]

1. Nf3 Nf6 2. g3 d6 3. d4 c6 4. Bg2 Nbd7 5. c4 e5 6. Nc3 Be7 7. O-O O-O 8. e4 a6 9. h3 b5 10. Qe2 b4 11. Na4 Qc7 12. c5 dxc5 13. dxe5 Nxe5 14. Nxe5 Qxe5 15. Bf4 Qe6 16. Rfc1 Bb7 17. Nxc5 Bxc5 18. Rxc5 Nd7 19. Rc2 Rfe8 20. Rd1 Nf6 21. Rd6 Qxa2 22. Rxf6 gxf6 23. Qg4+ Kh8 24. Qd7 1-0

[Event "Thüringenliga 2024/25"]
[Site "?"]
[Date "2025.05.11"]
[Round "9.5"]
[White "Vieweg, Klaus"]
[Black "Walther, Cliff"]
[Result "1/2-1/2"]
[WhiteElo "1936"]
[BlackElo "1989"]
[PlyCount "37"]
[EventDate "2024.09.15"]
[EventType "team-tourn"]
[EventRounds "9"]
[WhiteTeam "SV Schott Jena"]
[BlackTeam "TSG Apolda"]

1. Nf3 g6 2. g3 Bg7 3. d4 d5 4. Bg2 Nf6 5. c4 c6 6. Nc3 O-O 7. cxd5 cxd5 8. Ne5 Nc6 9. Nxc6 bxc6 10. O-O Nd7 11. Bf4 Qb6 12. Be3 Qxb2 13. Na4 Qa3 14. Rc1 Ba6 15. Qc2 Bc4 16. Ra1 Nb6 17. Nc5 e5 18. Bc1 Qa5 19. Bd2 1/2-1/2

[Event "Thüringenliga 2024/25"]
[Site "?"]
[Date "2025.05.11"]
[Round "9.6"]
[White "Stolz, Markus"]
[Black "Brömel, Richard"]
[Result "1/2-1/2"]
[WhiteElo "1797"]
[BlackElo "2001"]
[PlyCount "91"]
[EventDate "2024.09.15"]
[EventType "team-tourn"]
[EventRounds "9"]
[WhiteTeam "TSG Apolda"]
[BlackTeam "SV Schott Jena"]

1. d4 d5 2. Nf3 Nf6 3. Bf4 c6 4. e3 Bf5 5. Bd3 Bg6 6. Ne5 Nbd7 7. O-O e6 8. h3 Nxe5 9. Bxe5 Nd7 10. Bh2 Be7 11. Qe2 Qb6 12. b3 Bxd3 13. Qxd3 O-O 14. Nd2 Rfe8 15. Rfc1 Bf6 16. Rab1 e5 17. dxe5 Bxe5 18. Nf3 Nc5 19. Qf1 Bxh2+ 20. Kxh2 Ne4 21. c4 Rad8 22. Rc2 h6 23. Nd2 Qc7+ 24. Kg1 Nxd2 25. Rxd2 dxc4 26. Rxd8 Rxd8 27. Qxc4 Rd2 28. a4 Qd7 29. Rc1 Qf5 30. Qh4 Qd5 31. Rc4 Rd1+ 32. Kh2 Rd3 33. b4 Qd6+ 34. g3 Rd2 35. Rd4 Rxd4 36. Qxd4 Qxd4 37. exd4 f5 38. Kg2 Kf7 39. Kf3 Ke6 40. Ke3 Kd5 41. Kd3 b6 42. h4 g6 43. b5 c5 44. dxc5 Kxc5 45. Kc3 Kd5 46. Kd3 1/2-1/2

[Event "Thüringenliga 2024/25"]
[Site "?"]
[Date "2025.05.11"]
[Round "9.8"]
[White "Bodling, Florian"]
[Black "Seifert, Michael"]
[Result "0-1"]
[WhiteElo "1788"]
[BlackElo "1801"]
[PlyCount "70"]
[EventDate "2024.09.15"]
[EventType "team-tourn"]
[EventRounds "9"]
[WhiteTeam "TSG Apolda"]
[BlackTeam "SV Schott Jena"]

1. d4 Nf6 2. Nf3 g6 3. Nc3 d5 4. Bf4 Bg7 5. e3 O-O 6. Be2 b6 7. Ne5 Bb7 8. h4 Nbd7 9. h5 Nxe5 10. Bxe5 Ne4 11. Bxg7 Kxg7 12. Bd3 Qd6 13. Qg4 f5 14. Qh3 g5 15. Bxe4 fxe4 16. Qg4 h6 17. O-O Ba6 18. Rfd1 Rf6 19. Rd2 Raf8 20. Qd1 Qe6 21. a4 Qf7 22. Qe1 c6 23. b4 Bc4 24. b5 Qxh5 25. a5 cxb5 26. axb6 axb6 27. Rb1 Qe8 28. Rb4 g4 29. Qb1 Qf7 30. Rxc4 bxc4 31. Qe1 h5 32. Ne2 Rxf2 33. Nf4 Rxf4 34. exf4 Qxf4 35. Qc1 g3 0-1

[Event "Thüringenliga 2024/25"]
[Site "?"]
[Date "2025.05.11"]
[Round "9.1"]
[White "Bock, Marlon"]
[Black "Ziganshin, Ainur"]
[Result "1/2-1/2"]
[WhiteElo "2041"]
[BlackElo "2244"]
[PlyCount "88"]
[EventDate "2024.09.15"]
[EventType "team-tourn"]
[EventRounds "9"]
[WhiteTeam "SSV Vimaria 91 Weimar"]
[BlackTeam "Ilmenauer SV"]

1. d4 d5 2. c4 c6 3. cxd5 cxd5 4. Bf4 Nc6 5. e3 Nf6 6. Nc3 Bf5 7. Qb3 Na5 8. Qa4+ Bd7 9. Qc2 e6 10. Nf3 Rc8 11. Bd3 b5 12. a3 Be7 13. Ne5 Nc4 14. O-O O-O 15. Rfc1 a5 16. Qe2 b4 17. axb4 axb4 18. Nd1 Nxe5 19. Bxe5 Ne4 20. f3 Nd6 21. Qe1 Nc4 22. Bf4 Qb6 23. Kh1 Bb5 24. Qe2 Nd6 25. Nf2 Bxd3 26. Nxd3 Qb5 27. h3 Rc4 28. Rd1 Rfc8 29. Ra7 Bf8 30. Qe1 Rc2 31. Qxb4 Qxb4 32. Nxb4 Rxb2 33. Nd3 Re2 34. Ne5 f6 35. Nd7 Nf5 36. Rb1 Be7 37. Nc5 g5 38. Bb8 Kf7 39. e4 Nxd4 40. Rbb7 Re1+ 41. Kh2 Nc6 42. Bd6 Nxa7 43. Rxe7+ Kg6 44. Rxa7 dxe4 1/2-1/2

[Event "Thüringenliga 2024/25"]
[Site "?"]
[Date "2025.05.11"]
[Round "9.2"]
[White "Geißhirt, Marco"]
[Black "Philipp, Mathias"]
[Result "0-1"]
[WhiteElo "1984"]
[BlackElo "2169"]
[PlyCount "82"]
[EventDate "2024.09.15"]
[EventType "team-tourn"]
[EventRounds "9"]
[WhiteTeam "Ilmenauer SV"]
[BlackTeam "SSV Vimaria 91 Weimar"]

{[%evp 0,82,29,-12,-7,-25,-33,-42,-29,-16,-16,-14,31,3,-1,-3,13,-29,-13,-4,1,-39,-44,-40,-30,-21,-12,-33,-13,-7,-14,24,174,168,186,-12,-32,-28,-26,-26,-7,-15,11,-27,0,-6,-4,-22,-19,-27,-27,-6,-3,-59,-74,-156,-134,-289,-145,-178,-120,-155,-129,-143,-144,-138,-145,-339,-336,-344,-342,-342,-342,-347,-347,-347,-355,-398,-391,-406,-417,-444,-822,-1012,-1012]} 1. c4 e5 2. g3 Nf6 3. Nc3 Bb4 4. Bg2 O-O 5. d3 c6 6. a3 Bxc3+ 7. bxc3 h6 8. Nh3 d5 9. cxd5 cxd5 10. O-O Nc6 11. Rb1 Bf5 12. f4 e4 13. Nf2 Qe7 14. Qb3 b6 15. g4 Na5 16. Qb4 Qxb4 17. Rxb4 Nxg4 18. dxe4 dxe4 19. Nxe4 Bxe4 20. Bxe4 Rad8 21. Bf3 Nf6 22. e4 Rd3 23. e5 Nd7 24. Rd4 Nc5 25. Rxd3 Nxd3 26. Be3 Nc4 27. Bd4 Nxf4 28. a4 Rd8 29. Bd1 g5 30. h4 Ne6 31. hxg5 Nxd4 32. cxd4 Rxd4 33. g6 Ne3 34. Rxf7 Rxd1+ 35. Kh2 Ng4+ 36. Kg3 Nxe5 37. Rxa7 Rd7 38. Ra6 Nc4 39. Kg4 Kg7 40. Kf5 Rd5+ 41. Ke4 Ra5 0-1

[Event "Thüringenliga 2024/25"]
[Site "?"]
[Date "2025.05.11"]
[Round "9.3"]
[White "Aepfler, Christian"]
[Black "Eichenauer, Pascal"]
[Result "1-0"]
[WhiteElo "2090"]
[BlackElo "2054"]
[PlyCount "75"]
[EventDate "2024.09.15"]
[EventType "team-tourn"]
[EventRounds "9"]
[WhiteTeam "SSV Vimaria 91 Weimar"]
[BlackTeam "Ilmenauer SV"]

1. e4 e5 2. Nf3 Nc6 3. Nc3 Nf6 4. d4 exd4 5. Nxd4 Nxe4 6. Nxc6 Nxc3 7. Nxd8 Nxd1 8. Nxf7 Kxf7 9. Bc4+ Ke8 10. Kxd1 Be7 11. Re1 Kd8 12. Bf4 Bf6 13. c3 b5 14. Bd3 Rb8 15. Kc2 b4 16. Be5 Bb7 17. Bxf6+ gxf6 18. Be4 bxc3 19. bxc3 Bxe4+ 20. Rxe4 Rb5 21. Rae1 d6 22. f4 Kd7 23. Re7+ Kc6 24. R1e4 Rg8 25. g3 Rh5 26. Rc4+ Kd5 27. Rd4+ Kc6 28. Rd2 Rb8 29. a4 Ra5 30. Rd4 Rh5 31. Rc4+ Kd5 32. Rcxc7 Rxh2+ 33. Kd3 Rb3 34. Rxh7 Rg2 35. Rh5+ Ke6 36. Kc4 Ra3 37. f5+ Ke5 38. Re7# 1-0

[Event "Thüringenliga 2024/25"]
[Site "?"]
[Date "2025.05.11"]
[Round "9.4"]
[White "Rauch, Arwid"]
[Black "Riedel, Finn"]
[Result "1/2-1/2"]
[WhiteElo "1686"]
[BlackElo "1994"]
[PlyCount "27"]
[EventDate "2024.09.15"]
[EventType "team-tourn"]
[EventRounds "9"]
[WhiteTeam "Ilmenauer SV"]
[BlackTeam "SSV Vimaria 91 Weimar"]

1. e4 e5 2. Nf3 d5 3. Nxe5 Bd6 4. d4 dxe4 5. Bb5+ c6 6. Bc4 Bxe5 7. dxe5 Qxd1+ 8. Kxd1 Bg4+ 9. Be2 Bxe2+ 10. Kxe2 Nd7 11. Bf4 Ne7 12. Nd2 Ng6 13. Bg3 Ndxe5 14. Bxe5 1/2-1/2

[Event "Thüringenliga 2024/25"]
[Site "?"]
[Date "2025.05.11"]
[Round "9.6"]
[White "Schenk, Stefan"]
[Black "Günther, Andreas"]
[Result "1/2-1/2"]
[WhiteElo "1890"]
[BlackElo "2110"]
[PlyCount "22"]
[EventDate "2024.09.15"]
[EventType "team-tourn"]
[EventRounds "9"]
[WhiteTeam "Ilmenauer SV"]
[BlackTeam "SSV Vimaria 91 Weimar"]

1. e4 d5 2. exd5 Qxd5 3. Nc3 Qa5 4. d4 Nf6 5. Nf3 c6 6. Be2 Bf5 7. O-O e6 8. Re1 Be7 9. Nh4 Bg6 10. Nxg6 hxg6 11. Bf4 Nbd7 1/2-1/2

[Event "Thüringenliga 2024/25"]
[Site "?"]
[Date "2025.05.11"]
[Round "9.7"]
[White "Kölpin, Arvid"]
[Black "Jung, Timo"]
[Result "1/2-1/2"]
[WhiteElo "1956"]
[BlackElo "1443"]
[PlyCount "34"]
[EventDate "2024.09.15"]
[EventType "team-tourn"]
[EventRounds "9"]
[WhiteTeam "SSV Vimaria 91 Weimar"]
[BlackTeam "Ilmenauer SV"]

1. d4 c5 2. d5 e5 3. e4 d6 4. Be2 f5 5. Nc3 Nf6 6. exf5 Bxf5 7. Nf3 Be7 8. O-O O-O 9. Be3 a6 10. a4 Nbd7 11. a5 b5 12. axb6 Qxb6 13. b3 Qb7 14. Bg5 h6 15. Bh4 Nb6 16. Qd2 Kh8 17. Rfd1 Ne4 1/2-1/2

[Event "Thüringenliga 2024/25"]
[Site "?"]
[Date "2025.05.11"]
[Round "9.8"]
[White "Michael, Torsten"]
[Black "Günther, Arthur"]
[Result "0-1"]
[WhiteElo "1747"]
[BlackElo "1786"]
[PlyCount "98"]
[EventDate "2024.09.15"]
[EventType "team-tourn"]
[EventRounds "9"]
[WhiteTeam "Ilmenauer SV"]
[BlackTeam "SSV Vimaria 91 Weimar"]

{[%evp 0,98,25,25,45,45,72,72,54,54,67,2,17,18,59,17,59,38,41,52,52,54,60,48,56,44,38,12,29,-14,-14,-20,116,4,102,102,182,127,122,131,171,157,156,62,160,160,146,106,112,93,106,108,88,113,324,282,288,317,311,318,322,344,344,346,356,375,390,3,12,25,28,10,15,10,53,74,74,-62,-69,-93,-107,-80,-94,-125,-140,-149,-141,-141,-139,-125,-137,-162,-189,-190,-200,-202,-214,-205,-193,-252,-252]} 1. e4 d5 2. exd5 Qxd5 3. Nc3 Qa5 4. d4 Nf6 5. Bd3 Nc6 6. Nge2 Bg4 7. f3 Bf5 8. O-O O-O-O 9. Be3 Bxd3 10. Qxd3 Nb4 11. Qd2 Qf5 12. Rac1 e5 13. Rfd1 c5 14. d5 Be7 15. Ng3 Qd7 16. Nge4 Nxe4 17. fxe4 f5 18. a3 Na6 19. exf5 Nc7 20. Bg5 Bf6 21. Ne4 Qxf5 22. Bxf6 gxf6 23. Nxc5 Rxd5 24. Qb4 Rxd1+ 25. Rxd1 b6 26. Ne4 Qg6 27. Nd6+ Kb8 28. Qc4 Qg7 29. Qc6 Na6 30. Ne8 Qe7 31. Rd7 Qc5+ 32. Qxc5 Nxc5 33. Re7 Rf8 34. Kf2 Na4 35. b3 Nc3 36. Nc7 Rc8 37. Na6+ Ka8 38. Nb4 a5 39. Nd3 Nd5 40. Rxh7 Rxc2+ 41. Ke1 Rxg2 42. h4 e4 43. Rh5 Nc3 44. Nf4 Rh2 45. Nd5 Nxd5 46. Rxd5 Rxh4 47. Rf5 Rh3 48. b4 axb4 49. axb4 Rf3 0-1

[Event "Landesklasse Ost 2024/25"]
[Site "?"]
[Date "2025.05.11"]
[Round "9.1"]
[White "Sondermann, Johannes"]
[Black "Schulz, Phillip"]
[Result "0-1"]
[WhiteElo "1980"]
[BlackElo "1974"]
[PlyCount "124"]
[EventDate "2024.09.15"]
[EventType "team-tourn"]
[EventRounds "9"]
[WhiteTeam "Meuselwitzer SV"]
[BlackTeam "TV 1887 Germania Hermsdorf"]

{[%evp 0,124,27,21,21,-14,-10,-10,44,37,34,29,53,-17,17,8,12,22,29,5,23,-17,-5,-4,-17,-20,20,0,29,12,16,-18,-14,-36,37,29,6,46,103,48,113,47,47,45,57,55,42,38,60,2,17,-60,-23,-53,-46,-80,-67,-190,-82,-179,-210,-214,-178,-176,-216,-321,-142,-137,-168,-211,-74,-193,-131,-441,-52,-228,-132,-266,-132,-212,-326,-455,-458,-464,-491,-490,-319,-351,-189,-362,-261,-261,-93,-254,-172,-266,-174,-174,-174,-217,-163,-1007,-1343,-1562,-1661,-1834,-1419,-1419,-548,-609,-319,-319,-376,-416,-418,-492,-605,-847,-938,-1065,-922,-1426,-974,-1339,-1527,-1540,-1667]} 1. d4 d5 2. c4 e6 3. Nf3 c5 4. cxd5 exd5 5. Nc3 Nc6 6. g3 Nf6 7. Bg2 Be7 8. O-O O-O 9. Bg5 Be6 10. h3 h6 11. Be3 c4 12. Ne5 Rc8 13. f4 Bf5 14. g4 Be4 15. g5 hxg5 16. fxg5 Nh5 17. Bxe4 dxe4 18. Nxe4 Qd5 19. Nc3 Qe6 20. Ng4 Nb4 21. Rf3 Nd5 22. Nxd5 Qxd5 23. Qd2 Bd6 24. Bf2 Rce8 25. Rd1 Re4 26. Be3 Ng3 27. Nf2 Re6 28. Nh1 Ne4 29. Qc2 Nxg5 30. Bxg5 Qxg5+ 31. Kf1 Rg6 32. e4 Qg1+ 33. Ke2 Qg2+ 34. Nf2 Bg3 35. Ke3 Re8 36. Rd2 Qg1 37. Re2 b5 38. Kd2 Bh4 39. Kc3 a5 40. e5 b4+ 41. Kd2 Bg5+ 42. Ree3 Bxe3+ 43. Kxe3 Rc8 44. d5 Qe1+ 45. Kd4 Rb6 46. Qf5 Rf8 47. e6 Rb7 48. Ne4 Qd1+ 49. Ke5 f6+ 50. Kd6 Qd4 51. Nxf6+ Rxf6 52. Qh5 Qb6+ 53. Ke5 Qc7+ 54. Ke4 Qe7 55. Rxf6 gxf6 56. Qg6+ Kf8 57. Kf5 Qh7 58. Qxh7 Rxh7 59. d6 Ke8 60. Kxf6 Rh6+ 61. Ke5 c3 62. bxc3 bxc3 0-1

[Event "Landesklasse Ost 2024/25"]
[Site "?"]
[Date "2025.05.11"]
[Round "9.2"]
[White "Wentzel, Florian"]
[Black "Naundorf, Johannes"]
[Result "0-1"]
[WhiteElo "2032"]
[BlackElo "1932"]
[PlyCount "98"]
[EventDate "2024.09.15"]
[EventType "team-tourn"]
[EventRounds "9"]
[WhiteTeam "TV 1887 Germania Hermsdorf"]
[BlackTeam "Meuselwitzer SV"]

{[%evp 0,98,28,50,49,40,43,43,43,43,64,62,48,44,59,37,94,99,113,104,101,-12,-12,2,-3,7,6,7,30,-29,-47,-51,-16,-12,-2,0,74,18,90,100,84,49,99,37,66,99,90,9,-5,-102,-106,-149,-138,-157,-118,-153,-155,-155,-149,-176,-149,-175,-168,-141,-96,-107,-89,-126,-117,-238,-69,-66,213,-104,-93,-101,-15,-163,-351,-391,-406,-396,-428,-439,-460,-451,-397,-421,-433,-433,-427,-427,-426,-478,-513,-497,-535,-539,-554,-559,-574]} 1. e4 Nf6 2. e5 Nd5 3. d4 d6 4. Nf3 g6 5. c4 Nb6 6. Be3 Nc6 7. exd6 cxd6 8. d5 Ne5 9. Nxe5 dxe5 10. c5 Nxd5 11. Bb5+ Bd7 12. Qxd5 Bxb5 13. Qxb7 Qb8 14. Qxb8+ Rxb8 15. b3 f5 16. Na3 f4 17. Bd2 e6 18. Rc1 Bd3 19. Nc4 Bg7 20. h4 O-O 21. Nd6 Rfd8 22. Ba5 Rd7 23. Rh3 e4 24. b4 Bb2 25. Kd2 Bxc1+ 26. Kxc1 Kf8 27. h5 g5 28. h6 Ke7 29. Rh5 Kf6 30. Kd2 Kg6 31. Rh1 Kf6 32. Kc3 Ke5 33. Rh5 Rg8 34. f3 Rxd6 35. Bc7 Be2 36. Bxd6+ Kf6 37. Rh3 e3 38. g3 g4 39. fxg4 f3 40. Rh1 f2 41. Bf4 Rxg4 42. Bxe3 Rxg3 43. Kd2 f1=Q 44. Rxf1+ Bxf1 45. c6 a6 46. a4 Ke7 47. Bc5+ Kd8 48. Ke1 Bc4 49. Kf2 Rd3 0-1

[Event "Landesklasse Ost 2024/25"]
[Site "?"]
[Date "2025.05.11"]
[Round "9.3"]
[White "Barth, Jürgen"]
[Black "Rohde, Frederik"]
[Result "1/2-1/2"]
[WhiteElo "1816"]
[BlackElo "1752"]
[PlyCount "29"]
[EventDate "2024.09.15"]
[EventType "team-tourn"]
[EventRounds "9"]
[WhiteTeam "Meuselwitzer SV"]
[BlackTeam "TV 1887 Germania Hermsdorf"]

{[%evp 0,29,42,24,46,72,57,45,25,14,84,-7,25,3,-2,6,6,-28,0,-31,-8,7,21,28,13,5,3,11,17,-3,80,77]} 1. e4 c5 2. Nf3 Nc6 3. d4 cxd4 4. Nxd4 g6 5. c3 Bg7 6. Nxc6 bxc6 7. Be3 Nf6 8. Bd3 O-O 9. O-O d5 10. Nd2 e5 11. f3 Qc7 12. Nb3 Rd8 13. Qc2 Rb8 14. Kh1 Bb7 15. Bxa7 1/2-1/2

[Event "Landesklasse Ost 2024/25"]
[Site "?"]
[Date "2025.05.11"]
[Round "9.5"]
[White "Scheiding, Sophia"]
[Black "Hadlich, Gerald"]
[Result "1-0"]
[WhiteElo "1624"]
[BlackElo "1766"]
[PlyCount "25"]
[EventDate "2024.09.15"]
[EventType "team-tourn"]
[EventRounds "9"]
[WhiteTeam "Meuselwitzer SV"]
[BlackTeam "TV 1887 Germania Hermsdorf"]

{[%evp 0,25,24,24,30,3,-2,12,5,-2,-2,2,-4,-3,1,13,13,1,17,17,17,-9,-10,42,279,287,284,280]} 1. e4 c5 2. c3 Nf6 3. e5 Nd5 4. Bc4 Nb6 5. Bb3 c4 6. Bc2 d6 7. exd6 Qxd6 8. Nf3 Bg4 9. O-O Nc6 10. Qe2 e6 11. Na3 Ne5 12. Qxe5 Bxf3 13. Qxd6 1-0

[Event "Landesklasse Ost 2024/25"]
[Site "?"]
[Date "2025.05.11"]
[Round "9.7"]
[White "Ignatova, Gabriela"]
[Black "Pietsch, Karsten"]
[Result "1/2-1/2"]
[WhiteElo "1612"]
[BlackElo "1718"]
[PlyCount "43"]
[EventDate "2024.09.15"]
[EventType "team-tourn"]
[EventRounds "9"]
[WhiteTeam "Meuselwitzer SV"]
[BlackTeam "TV 1887 Germania Hermsdorf"]

{[%evp 0,43,24,24,24,28,25,14,14,-22,-13,-13,23,24,-9,-29,-3,-18,-24,-4,19,32,57,-16,-37,-305,62,64,57,68,52,60,96,60,97,30,41,36,41,20,24,7,7,4,47,58]} 1. e4 e5 2. Nf3 Nc6 3. Bc4 Nf6 4. Ng5 d5 5. exd5 b5 6. Bf1 Nd4 7. c3 Nxd5 8. cxd4 Qxg5 9. Bxb5+ Kd8 10. Qf3 Bb7 11. Nc3 exd4 12. Qxf7 Qe7+ 13. Qxe7+ Bxe7 14. Nxd5 Bxd5 15. O-O c6 16. Ba6 Rb8 17. d3 Bf6 18. b3 Re8 19. Bd2 Re2 20. Ba5+ Kd7 21. Rfe1 Rbe8 22. Kf1 1/2-1/2

[Event "Landesklasse Ost 2024/25"]
[Site "?"]
[Date "2025.05.11"]
[Round "9.8"]
[White "Kretschmann, Ralph"]
[Black "Schmidt, Jens"]
[Result "1-0"]
[WhiteElo "1233"]
[BlackElo "1727"]
[PlyCount "37"]
[EventDate "2024.09.15"]
[EventType "team-tourn"]
[EventRounds "9"]
[WhiteTeam "TV 1887 Germania Hermsdorf"]
[BlackTeam "Meuselwitzer SV"]

{[%evp 0,37,28,17,33,9,9,-3,-3,-3,-2,10,14,-9,-9,-10,4,1,-4,12,16,7,30,13,-16,-19,27,21,41,1,14,11,12,18,31,7,298,212,261,281]} 1. e4 c5 2. c3 d5 3. e5 Nc6 4. d4 Bf5 5. Nf3 e6 6. Bd3 Bxd3 7. Qxd3 cxd4 8. cxd4 Bb4+ 9. Bd2 Qb6 10. O-O Nge7 11. a3 Bxd2 12. Nbxd2 O-O 13. b4 Rfc8 14. Nb3 Nf5 15. Nc5 Qc7 16. g4 Nfe7 17. Ng5 g6 18. Qf3 Rf8 19. Qh3 1-0

[Event "Landesklasse Ost 2024/25"]
[Site "?"]
[Date "2025.05.11"]
[Round "9.1"]
[White "Berner, Stephan"]
[Black "Kania, Markus"]
[Result "1/2-1/2"]
[WhiteElo "1904"]
[BlackElo "2064"]
[PlyCount "37"]
[EventDate "2024.09.15"]
[EventType "team-tourn"]
[EventRounds "9"]
[WhiteTeam "SV Empor Erfurt 2"]
[BlackTeam "MTV 1876 Saalfeld"]

1. e4 c6 2. d4 d5 3. Nc3 dxe4 4. Nxe4 Nf6 5. Nxf6+ exf6 6. Bc4 Na6 7. Bf4 Qe7+ 8. Qe2 Nb4 9. O-O-O Qxe2 10. Nxe2 Be6 11. Bxe6 fxe6 12. c3 Nd5 13. Rhe1 g5 14. Bd2 b5 15. Ng3 Kf7 16. Ne4 h6 17. f3 Rd8 18. Re2 Bd6 19. Nxd6+ 1/2-1/2

[Event "Landesklasse Ost 2024/25"]
[Site "?"]
[Date "2025.05.11"]
[Round "9.2"]
[White "Seidel, Thomas"]
[Black "Taudte, Stefan"]
[Result "1/2-1/2"]
[WhiteElo "1879"]
[BlackElo "1925"]
[PlyCount "35"]
[EventDate "2024.09.15"]
[EventType "team-tourn"]
[EventRounds "9"]
[WhiteTeam "MTV 1876 Saalfeld"]
[BlackTeam "SV Empor Erfurt 2"]

1. e4 e6 2. d4 d5 3. exd5 exd5 4. Bd3 Bd6 5. Ne2 Ne7 6. O-O Bg4 7. f3 Bh5 8. Bf4 Nbc6 9. c3 f6 10. Bxd6 Qxd6 11. Na3 g5 12. Ng3 Bg6 13. Qd2 O-O-O 14. Rae1 Kb8 15. Nb5 Qd7 16. f4 Bxd3 17. Qxd3 g4 18. f5 1/2-1/2

[Event "Landesklasse Ost 2024/25"]
[Site "?"]
[Date "2025.05.11"]
[Round "9.3"]
[White "Niebur, Thorben Carl"]
[Black "Bellmann, Daniel"]
[Result "1/2-1/2"]
[WhiteElo "1782"]
[BlackElo "1835"]
[PlyCount "27"]
[EventDate "2024.09.15"]
[EventType "team-tourn"]
[EventRounds "9"]
[WhiteTeam "SV Empor Erfurt 2"]
[BlackTeam "MTV 1876 Saalfeld"]

1. e4 c6 2. d4 d5 3. f3 e6 4. Nc3 Bb4 5. a3 Bxc3+ 6. bxc3 dxe4 7. Bf4 exf3 8. Nxf3 Nf6 9. Bd3 Qa5 10. Bd2 Nbd7 11. O-O O-O 12. Qe1 b6 13. Qg3 Qh5 14. Rae1 1/2-1/2

[Event "Landesklasse Ost 2024/25"]
[Site "?"]
[Date "2025.05.11"]
[Round "9.4"]
[White "Böhl, Dietmar"]
[Black "Bethge, Johanna"]
[Result "1/2-1/2"]
[WhiteElo "1805"]
[BlackElo "1791"]
[PlyCount "47"]
[EventDate "2024.09.15"]
[EventType "team-tourn"]
[EventRounds "9"]
[WhiteTeam "MTV 1876 Saalfeld"]
[BlackTeam "SV Empor Erfurt 2"]

1. Nf3 d5 2. c4 e6 3. e3 Nf6 4. Nc3 Bd6 5. b3 c5 6. cxd5 exd5 7. Bb2 O-O 8. Rc1 Bg4 9. Nb5 b6 10. Nxd6 Qxd6 11. h3 Bh5 12. g4 Bg6 13. Nh4 Be4 14. Rg1 d4 15. Rg3 Re8 16. Nf5 Qd7 17. Bg2 Nc6 18. Kf1 Bd3+ 19. Kg1 Ne4 20. Bxe4 Bxe4 21. exd4 Bxf5 22. gxf5 Nxd4 23. Bxd4 Qxd4 24. Rc4 1/2-1/2

[Event "Landesklasse Ost 2024/25"]
[Site "?"]
[Date "2025.05.11"]
[Round "9.5"]
[White "Finke, Daniel"]
[Black "Wagner, Ronald"]
[Result "1-0"]
[WhiteElo "1710"]
[BlackElo "1775"]
[PlyCount "83"]
[EventDate "2024.09.15"]
[EventType "team-tourn"]
[EventRounds "9"]
[WhiteTeam "SV Empor Erfurt 2"]
[BlackTeam "MTV 1876 Saalfeld"]

1. e4 e6 2. Nf3 d5 3. Nc3 Nf6 4. e5 Nfd7 5. d4 c5 6. dxc5 Bxc5 7. Bd3 Nc6 8. Bf4 a6 9. O-O Qc7 10. Re1 h6 11. Qd2 b5 12. Nxd5 Qa7 13. Nc3 Bb7 14. Ne4 g5 15. Nxc5 Qxc5 16. Be3 Qe7 17. h3 Ndxe5 18. Nxe5 Nxe5 19. Qc3 f6 20. Bc5 Qc7 21. Qb4 O-O-O 22. Be7 Nc6 23. Bxd8 Rxd8 24. Qc3 e5 25. Bf5+ Kb8 26. Rad1 Qe7 27. Rxd8+ Qxd8 28. Be4 Nd4 29. Bxb7 Kxb7 30. Qd3 Qc8 31. c3 Nc6 32. Qh7+ Qc7 33. Qxh6 Qf7 34. b3 Ne7 35. Qh8 Ng8 36. Rd1 Kc7 37. h4 gxh4 38. Qxh4 Ne7 39. Qb4 Qe6 40. Qa5+ Kb7 41. Qd8 Nc8 42. Rd7+ 1-0

[Event "Landesklasse Ost 2024/25"]
[Site "?"]
[Date "2025.05.11"]
[Round "9.6"]
[White "Müller, Jürgen"]
[Black "Kompe, Jörg"]
[Result "1-0"]
[WhiteElo "1766"]
[BlackElo "1616"]
[PlyCount "170"]
[EventDate "2024.09.15"]
[EventType "team-tourn"]
[EventRounds "9"]
[WhiteTeam "MTV 1876 Saalfeld"]
[BlackTeam "SV Empor Erfurt 2"]

1. e4 c5 2. Nc3 d6 3. f4 Nc6 4. Bb5 Bd7 5. Nf3 g6 6. O-O Bg7 7. Kh1 Nf6 8. Bxc6 Bxc6 9. d3 e6 10. Qe1 O-O 11. Bd2 d5 12. e5 Nd7 13. Rb1 Qe7 14. d4 cxd4 15. Nxd4 a6 16. Nce2 Rfc8 17. Bb4 Qd8 18. a3 Bf8 19. Rc1 Bxb4 20. Qxb4 Qf8 21. Qxf8+ Kxf8 22. g4 Ke7 23. Rce1 Nc5 24. Nc3 Bd7 25. Kg1 Na4 26. Nxa4 Bxa4 27. c3 Bb5 28. Rf3 Bd7 29. Rh3 Rh8 30. g5 Kf8 31. Kf2 Kg7 32. Rd1 h6 33. gxh6+ Rxh6 34. Rxh6 Kxh6 35. Rd3 Kg7 36. Rh3 Rc8 37. Ke3 Ba4 38. Nf3 Bd1 39. Nd4 Bh5 40. Rg3 Kf8 41. Kd2 Ke7 42. h3 Kd7 43. b3 b6 44. Nc2 Kc6 45. Kd3 b5 46. Nd4+ Kb6 47. Re3 a5 48. Re1 Rg8 49. a4 bxa4 50. bxa4 Rc8 51. Rb1+ Ka6 52. Kc2 Rc4 53. Kb3 Kb7 54. Rf1 Kb6 55. Ra1 Ka6 56. Kc2 Kb6 57. Kb3 Kb7 58. Rf1 Kb6 59. Ra1 Kb7 60. Kc2 Kb6 61. Rb1+ Ka6 62. Rb8 Rxa4 63. Rf8 Ra2+ 64. Kd3 Rh2 65. Rxf7 Rxh3+ 66. Kc2 Bg4 67. Rf6 Rh2+ 68. Kb3 Rg2 69. Nxe6 Bxe6 70. Rxe6+ Kb5 71. Re8 Kc6 72. Rc8+ Kb6 73. Rd8 Kc6 74. Ra8 Rf2 75. Rf8 Kd7 76. Rf6 Ke7 77. Ka4 Ra2+ 78. Kb5 a4 79. Kb4 Ra1 80. Rxg6 a3 81. Rg2 Rf1 82. Kc5 Ke6 83. Rg6+ Kf5 84. Ra6 Rxf4 85. Kxd5 Rf1 1-0